| 000 | 01246nam a22003737a 4500 | ||
|---|---|---|---|
| 003 | CHAP | ||
| 005 | 20220817044302.0 | ||
| 008 | 090827s2008 it a rn 00010 eng d | ||
| 010 | _a96643 | ||
| 011 | _a97615 | ||
| 020 | _a9789251059777 | ||
| 035 | _a108285 | ||
| 040 | _cCHAP | ||
| 082 | 0 | 4 |
_a639.2 _bF3y v.502 |
| 110 | 2 | _aFAO | |
| 245 | 1 | 0 |
_aProcedures for the quarantine of live aquatic animals. a manual _c/by J. Richard Arthur, Malba G. Bondad Reantaso and Rohana P. Subasinghe |
| 260 |
_aRome : _bFAO, _c2008 |
||
| 300 |
_ax, 74 p. : _bilus. |
||
| 490 | 0 |
_aDocumento técnico de pesca _v; 502 |
|
| 590 |
_aBATCH-UPD _b10 _c20130110 _lUCH01 _h1055 |
||
| 590 |
_aBATCH-UPD _b10 _c20130410 _lUCH01 _h0651 |
||
| 590 |
_aBATCH-UPD _b10 _c20130914 _lUCH01 _h0657 |
||
| 590 |
_aCONVERSION _b10 _c20130109 _lUCH01 _h1353 |
||
| 650 | 1 | 4 |
_aAnimales acuaticos. _95875 |
| 650 | 1 | 4 | _aPesca. |
| 650 | 1 | 4 |
_aSanidad animal. _9102221 |
| 700 | 0 |
_aSubasinghe, Rohana P. _9110137 |
|
| 700 | 1 |
_aBondad Reantaso, Melba G. _913655 |
|
| 700 | 1 |
_aRichard Arthur, J. _997241 |
|
| 830 | 0 | 0 |
_aDocumento técnico de pesca _v; 502 _933242 |
| 901 | _aBK | ||
| 942 | _cLIBRO | ||
| 949 |
_a629.2 F3y v.502 _bBC _cFAO _d33724002098421 _eFAO1 _gDonaciØn _h110872 _i108285 _sb |
||
| 999 |
_c96643 _d96643 |
||